ბათუმის შოთა რუსთაველის სახელმწიფო უნივერსიტეტის ბიბლიოთეკა

არალოკალური სასაზღვრო პირობების მქონე დიფერენციალური განტოლებებისათვის ოპტიმალური მართვის ამოცანების ამოხსნის ზოგიერთი რიცხვითი ალგორითმი : დისერტაცია / (ბიბ.ჩანაწერი № 51633)

000 -ლიდერი
ფიქსირებული სიგრძის საკონტროლო ველი 01884nam a2200241Ia 4500
001 - საკონტროლო ნომერი
საკონტროლო ველი 18624
003 - საკონტროლო ნომრის იდენტიფიკატორი
საკონტროლო ველი GE_BSU
005 - ბოლო ოპერაციის თარიღი და დრო
საკონტროლო ველი 20220920094832.0
008 - ფიქსირებული სიგრძის მონაცემთა ელემენტები - ზოგადი ინფორმაცია
ფიქსირებული სიგრძის საკონტროლო ველი 181216s2013||||ge |||||||||||||| ||geo||
040 ## - კატალოგიზაციის წყარო
Transcribing agency GE_BSU
041 ## - ენის კოდი
Language code of text/sound track or separate title geo
080 ## - უნივერსალური ათობითი კლასიფიკაციის ინდექსი
Universal Decimal Classification number 004 ბ-52
100 ## - მთავარი ჩანაწერი - პიროვნების სახელი
Personal name ბერიძე, ვახტანგ
9 (RLIN) 11489
245 ## - ცნობა სათაურის შესახებ
Title არალოკალური სასაზღვრო პირობების მქონე დიფერენციალური განტოლებებისათვის ოპტიმალური მართვის ამოცანების ამოხსნის ზოგიერთი რიცხვითი ალგორითმი : დისერტაცია /
Statement of responsibility, etc ვახტანგ ბერიძე; მეცნ. ხელმძღვ. დავით დევაძე; ბათუმის შოთა რუსთაველის სახელმწიფო უნ-ტი.
264 ## - წარმოების, გამოცემის, დისტრიბუციის და სხვა ცნობები
გამოცემის, წარმოების, დისტრიბუციის... ადგილი ბათუმი,
გამოცემის, წარმოების, დისტრიბუციის... თარიღი 2013.
300 ## - ფიზიკური აღწერა
Extent 116 გვ.
Other physical details 30 სმ.
653 ## - INDEX TERM--UNCONTROLLED
Uncontrolled term არალოკალური სასზღვრო პირობების მქონე დიფერენციალური განტოლებებისათვის ოპტიმალური მართვის ამოცანების ამოხსნის ზოგიერთი რიცხვითი ალგორითმი
653 ## - INDEX TERM--UNCONTROLLED
Uncontrolled term დისერტაცია
653 ## - INDEX TERM--UNCONTROLLED
Uncontrolled term ინფორმაციული ტექნოლოგიები
700 ## - ADDED ENTRY--PERSONAL NAME
Personal name დევაძე, დავით
Relator term სამეცნიერო ხელმძღვანელი
9 (RLIN) 4057
710 ## - ADDED ENTRY--CORPORATE NAME
Corporate name or jurisdiction name as entry element ბათუმის შოთა რუსთაველის სახელმწიფო უნ-ტი
9 (RLIN) 11490
942 ## - ADDED ENTRY ELEMENTS (KOHA)
Koha item type წიგნი
Source of classification or shelving scheme
ეგზემპლარები
ჩამოწერის სტატუსი დაკარგული ეგზემპლარის სტატუსი კლასიფიკაციის წყარო ან თაროზე გაწყობის სქემა დაზიანების სტატუსი არ გაიცემა მუდმივი მდებარეობა (დაცვის ადგილი) ამჟამინდელი ადგილსამყოფელი შეძენის თარიღი სრული შენახვის შიფრი შტრიხკოდი ბოლო ოპერაციის თარიღი ეგზემპლარის მიმდევრობითი ნომერი (კეტერი?) ფასის ძალაში შესვლის თარიღი ეგზემპლარის სახეობა
        შიდა ფონდი ბათუმის შოთა რუსთაველის სახელმწიფო უნივერსიტეტის მთავარი ბიბლიოთეკა ბათუმის შოთა რუსთაველის სახელმწიფო უნივერსიტეტის მთავარი ბიბლიოთეკა 2018-12-17 004 ბ-52 180 დისერტ. 2018-12-17 180 2018-12-17 დისერტაცია